| 000 | 00880cam a22002655a 4500 | ||
|---|---|---|---|
| 001 | 4000132 | ||
| 005 | 20240818093031.0 | ||
| 008 | 960918s1997 maua frb 001 0 eng d | ||
| 020 | _a0534952623 | ||
| 020 | _a9780534952624 | ||
| 040 |
_aDLC _cDLC _dDLC _dEG-ScBUE _beng |
||
| 082 | 0 | 4 |
_222 _a574.880151 _bSET |
| 100 | 1 | _aSetubal, João Carlos. | |
| 245 | 1 | 0 |
_aIntroduction to computational molecular biology / _cJoão Carlosl Setubal, João Meidanis. |
| 260 |
_aBoston : _bPWS Publishing Company, _c1997. |
||
| 300 |
_axiii, 296 p. : _bill. ; _c25 cm. |
||
| 504 | _aIncludes bibliographical references and index. | ||
| 650 | 7 |
_aMolecular biology _xMathematics. _2BUEsh |
|
| 653 |
_bGGEN _cFebruary2018 |
||
| 700 | 1 | _aMeidanis, João. | |
| 999 |
_c26130 _d26102 |
||
| 336 |
_2rdacontent _atext _btxt |
||
| 337 |
_aunmediated _2rdamedia _bn |
||
| 338 |
_avolume _bnc _2rdacarrier |
||
| 942 | _hRDA-MOD | ||